Algebra in ancient and modern times

Αποθηκεύτηκε σε:
Λεπτομέρειες βιβλιογραφικής εγγραφής
Κύριος συγγραφέας: Varadarajan, V. S.
Μορφή: Βιβλίο
Γλώσσα:English
Δημοσίευση: Providence, RI : American Mathematical Society, c1998
Σειρά:Mathematical world ; ; 12
Θέματα:
Ετικέτες: Προσθήκη ετικέτας
Δεν υπάρχουν, Καταχωρήστε ετικέτα πρώτοι!

MARC

LEADER 00000nam a2200000 i 4500
001 1/58059
008 071011s1998 eng d
020 |a 0-8218-0989-X 
035 |l 10091422 
040 |a GR-MY-UA  |b gre  |e aacr 
041 0 |a eng 
082 0 |a 512.009  |2 (22) 
100 1 |a Varadarajan, V. S. 
245 1 0 |a Algebra in ancient and modern times /  |c V.S. Varadarajan 
260 |a Providence, RI :   |b American Mathematical Society,   |c c1998 
300 |a xii, 142 σ.;  |b εικ.;  |c 26 εκ. 
490 1 |a Mathematical world  |v ; 12 
504 |a Περιλαμβάνει βιβλιογραφικές παραπομπές και ευρετήριο 
650 0 0 |a Algebra  |x History. 
830 0 |a Mathematical world ;  |v ; 12 
852 |a INST  |b SAMOS  |e 20071011  |h 512.009 VAR  |p 005300028161  |q 005300028161  |t BK  |y 0 
901 |a BIBL3-2007-3 
909 |a Σ  |b 139352 
922 |a 3ΕΛΗ  |b 200709  |c ΕΠΕΑΕΚ2/ΤΜΗΜΑ ΜΑΘΗΜΑΤΙΚΩΝ  |d ΠΑΠΑΣΩΤΗΡΙΟΥ 
970 |a ΡΟΥΣΣΟΥ  |b ΚΩΝΣΤΑΝΤΙΝΑ  |z 2007/10/11